A tree is a plant / (Record no. 720)

MARC details
000 -LEADER
fixed length control field 01643nam a22003497a 4500
005 - DATE AND TIME OF LATEST TRANSACTION
control field 20251218113637.0
020 ## - INTERNATIONAL STANDARD BOOK NUMBER
International Standard Book Number 0060281715
020 ## - INTERNATIONAL STANDARD BOOK NUMBER
International Standard Book Number 0060281723 (lib. bdg.)
020 ## - INTERNATIONAL STANDARD BOOK NUMBER
International Standard Book Number 0064451968 (pbk.)
040 ## - CATALOGING SOURCE
Original cataloging agency DLC
Transcribing agency DLC
Modifying agency DLC
Language of cataloging eng
050 00 - LIBRARY OF CONGRESS CALL NUMBER
Classification number SB363
Item number .B785 2001
082 00 - DEWEY DECIMAL CLASSIFICATION NUMBER
Classification number 583/.73
Edition number 21
100 1# - MAIN ENTRY--PERSONAL NAME
Personal name Bulla, Clyde Robert.
245 12 - TITLE STATEMENT
Title A tree is a plant /
Statement of responsibility, etc. by Clyde Robert Bulla ; illustrated by Stacey Schuett.
250 ## - EDITION STATEMENT
Edition statement First Scholastic printing, September 2002
260 ## - PUBLICATION, DISTRIBUTION, ETC.
Place of publication, distribution, etc. New York :
Name of publisher, distributor, etc. Scholastic,
Date of publication, distribution, etc. 2002.
300 ## - PHYSICAL DESCRIPTION
Extent 35 pages :
Other physical details color illustratios ;
Dimensions 21 x 25 cm.
490 ## - SERIES STATEMENT
Series statement Let's read and find out science
500 ## - GENERAL NOTE
General note Originally published: New York : Crowell, [1960].
505 ## - FORMATTED CONTENTS NOTE
Formatted contents note G <br/>
520 ## - SUMMARY, ETC.
Summary, etc. A tree is the biggest plant that grows. Trees can live for a very long time, and they are alive all year long, even when they look dead in winter. In this newly illustrated book, you will learn how a tree grows and how it gets food and water. You can also find out what happens to water after it travels through a tree's roots, branches, and leaves, and how to figure out a tree's age. Clyde Robert Bulla's simple and concise text and Stacey Schuett's lush illustrations follow a tree's continuous life cycle through spring, summer, winter, and fall.
521 ## - TARGET AUDIENCE NOTE
Target audience note 420 <br/>
Source Lexile <br/>
521 ## - TARGET AUDIENCE NOTE
Target audience note G <br/>
Source Raz-Plus <br/>
650 #0 - SUBJECT ADDED ENTRY--TOPICAL TERM
Topical term or geographic name entry element Apples
General subdivision Life cycles
Form subdivision Juvenile literature.
650 #0 - SUBJECT ADDED ENTRY--TOPICAL TERM
Topical term or geographic name entry element Apples
Form subdivision Juvenile literature.
650 #1 - SUBJECT ADDED ENTRY--TOPICAL TERM
Topical term or geographic name entry element Apples.
650 #1 - SUBJECT ADDED ENTRY--TOPICAL TERM
Topical term or geographic name entry element Trees.
700 1# - ADDED ENTRY--PERSONAL NAME
Personal name Schuett, Stacey,
Relator term illustrator
906 ## - LOCAL DATA ELEMENT F, LDF (RLIN)
a 7
b cbc
c orignew
d 1
e ocip
f 20
g y-gencatlg
942 ## - ADDED ENTRY ELEMENTS (KOHA)
Source of classification or shelving scheme Dewey Decimal Classification
Koha item type Books
Suppress in OPAC No
999 ## -
-- 720
-- 720
Holdings
Withdrawn status Lost status Source of classification or shelving scheme Damaged status Not for loan Collection Home library Current library Shelving location Date acquired Total Checkouts Full call number Barcode Date last seen Date last checked out Copy number Price effective from Koha item type
Withdrawn   Dewey Decimal Classification Damaged   Non-Fiction Footprints International School Library Network Toul Kork Campus Footprints International School Library Network Toul Kork Campus TK Primary Library Room(4th Floor), Bookcase 1&2, Shelves 1-16, Dark Blue Books 07/03/2023 1 ROB 583.73 SB363.B785 FISBK06048 06/10/2024 08/07/2023 1 07/03/2023 Books
    Dewey Decimal Classification     Non-Fiction Footprints International School Library Network Toul Kork Campus Footprints International School Library Network Toul Kork Campus TK Primary Library Room(4th Floor), Bookcase 1&2, Shelves 1-16, Dark Blue Books 07/03/2023 6 ROB 583.73 SB363.B785 FISBK06034 04/22/2026 04/08/2026 2 07/03/2023 Books
    Dewey Decimal Classification     Non-Fiction Footprints International School Library Network Toul Kork Campus Footprints International School Library Network Toul Kork Campus TK Primary Library Room(4th Floor), Bookcase 1&2, Shelves 1-16, Dark Blue Books 07/03/2023 6 ROB 583.73 SB363.B785 FISBK06042 11/27/2025 11/20/2025 3 07/03/2023 Books
    Dewey Decimal Classification     Non-Fiction Footprints International School Library Network Toul Kork Campus Footprints International School Library Network Toul Kork Campus TK Primary Library Room(4th Floor), Bookcase 1&2, Shelves 1-16, Dark Blue Books 07/03/2023 2 ROB 583.73 SB363.B785 FISBK06020 03/12/2026 03/05/2026 4 07/03/2023 Books
    Dewey Decimal Classification     Non-Fiction Footprints International School Library Network Toul Kork Campus Footprints International School Library Network Toul Kork Campus   07/03/2023 2 ROB 583.73 SB363.B785 FISTK04217 03/05/2024 02/27/2024 5 07/03/2023 Books
    Dewey Decimal Classification     Non-Fiction Footprints International School Library Network Toul Kork Campus Footprints International School Library Network Toul Kork Campus   07/03/2023 3 ROB 583.73 SB363.B785 FISTK02223 05/29/2025 04/24/2025 6 07/03/2023 Books
    Dewey Decimal Classification     Non-Fiction Footprints International School Library Network Toul Kork Campus Footprints International School Library Network Toul Kork Campus   07/03/2023 4 ROB 583.73 SB363.B785 FISTK04218 07/24/2025 06/30/2025 7 07/03/2023 Books
    Dewey Decimal Classification     Non-Fiction Footprints International School Library Network Toul Kork Campus Footprints International School Library Network Toul Kork Campus   07/03/2023 2 ROB 583.73 SB363.B785 FISTK04216 03/05/2024 02/27/2024 8 07/03/2023 Books
    Dewey Decimal Classification     Non-Fiction Footprints International School Library Network Toul Kork Campus Footprints International School Library Network Toul Kork Campus   07/03/2023 3 ROB 583.73 SB363.B785 FISTK04219 07/24/2025 06/30/2025 9 07/03/2023 Books
    Dewey Decimal Classification     Non-Fiction Footprints International School Library Network Toul Kork Campus Footprints International School Library Network Toul Kork Campus   07/03/2023 1 ROB 583.73 SB363.B785 FISTKG2A054 04/08/2024 03/25/2024 10 07/03/2023 Books
    Dewey Decimal Classification     Non-Fiction Footprints International School Library Network Toul Kork Campus Footprints International School Library Network Toul Kork Campus TK Primary Library Room(4th Floor), Bookcase 1&2, Shelves 1-16, Dark Blue Books 04/04/2024 4 ROB 583.73 SB363.B785 FISBK072255 03/12/2026 03/05/2026 11 04/04/2024 Books
Withdrawn   Dewey Decimal Classification Damaged   Non-Fiction Footprints International School Library Network Toul Kork Campus Footprints International School Library Network Toul Kork Campus TK Primary Library Room(4th Floor), Bookcase 1&2, Shelves 1-16, Dark Blue Books 07/16/2024   ROB 583.73 SB363.B785 FISTKG1A088 07/16/2024   12 07/16/2024 Books